000 00748nam a22002537a 4500
001 4699
003 FISKH
005 20240923102001.0
008 240923b cb ||||| |||| 00| 0 eng d
020 _a9780380719075
040 _aFISKH
_beng
_cFISKH
_dFISKH
050 _aPZ7.A953
082 _2813
100 _aAvi
_d1937-
245 _aNothing but the truth /
_cAvi
250 _aFirst printing in 1993
260 _aNew York :
_bAn Avon Flare Book,
_c1993.
300 _a212 pages :
_c18cm
520 _aA ninth-grader's suspension for singing "The Star-Spangled Banner" during homeroom becomes a national news story.
650 _2Patriotism
_aYoung adult
650 _2Realistic fiction
_aNewbery
942 _2ddc
_cBK
_n0
999 _c4699
_d4699